| 000 | 00501nam a2200181Ia 4500 | ||
|---|---|---|---|
| 003 | OSt | ||
| 005 | 20250818113625.0 | ||
| 008 | 210210b1964 xxu||||| |||| 00| 0 eng d | ||
| 040 | _cAL | ||
| 041 | _akan | ||
| 082 | _a859/1013 | ||
| 100 |
_aNARAYANA SANGAMA _9145771 _dನಾರಾಯಣ ಸಂಗಮ |
||
| 245 |
_aUdyapana padya: _bಉದ್ಯಾಪನದ ಪದ್ಯ |
||
| 260 |
_aBengaluru _bJivana Karyalaya _c1964 |
||
| 690 |
_aKannada Fiction _9145772 |
||
| 906 | _a021761 | ||
| 942 |
_2ddc _cBK |
||
| 999 |
_c145860 _d145860 |
||